Normal view
MARC view
- Deshpande Neha - 2K101030
Entry Personal Name
001 - CONTROL NUMBER
- control field: 118942
003 - CONTROL NUMBER IDENTIFIER
- control field: OSt
005 - DATE AND TIME OF LATEST TRANSACTION
- control field: 20230128171337.0
008 - FIXED-LENGTH DATA ELEMENTS
- fixed length control field: 230128|| aca||aabn | a|a d
040 ## - CATALOGING SOURCE
- Original cataloging agency: OSt
- Transcribing agency: OSt
100 ## - HEADING--PERSONAL NAME
- Personal name: Deshpande Neha - 2K101030
670 ## - SOURCE DATA FOUND
- Source citation: Work cat.: (OSt)97240: Deshpande Neha - 2K101030, Employee Welfare and its Effects on Productivity, 2012